[Event "Pan American-ch Hybrid U14 Girls 31st"]
[Site "Tornelo INT"]
[Date "2021.09.04"]
[Round "1"]
[White "Gonzalez Gonzalez, Valentina Anto"]
[Black "Kaur, Aradh"]
[Result "0-1"]
[WhiteElo "1198"]
[BlackElo "1479"]
[PlyCount "188"]
[EventDate "2021.09.04"]
[EventType "swiss"]
[EventRounds "9"]
[EventCountry "NET"]
[SourceTitle "EXT 2023"]
[Source "ChessBase"]
[SourceDate "2022.10.05"]
[SourceVersion "1"]
[SourceVersionDate "2022.10.05"]
[SourceQuality "1"]

1. e4 e5 2. Nf3 Nc6 3. Bc4 Be7 4. d4 exd4 5. Nxd4 d6 6. Be3 Nf6 7. Nd2 Ne5 8. Bb3 0-0 9. h3 Ned7 10. Nf5 Nc5 11. Bxc5 dxc5 12. Nxe7+ Qxe7 13. Qe2 Re8 14. f3 Nh5 15. Qf2 b5 16. Bd5 Rb8 17. Nb3 Qg5 18. Qxc5 Qg3+ 19. Qf2 Qxf2+ 20. Kxf2 Rb6 21. Nd4 Nf6 22. Bc6 Rd8 23. Rhd1 h6 24. Bxb5 Bb7 25. a4 a6 26. Bd3 Rxd4 27. e5 Ne8 28. Bh7+ Kxh7 29. Rxd4 Rxb2 30. Rd7 Rxc2+ 31. Kg3 Kg6 32. Re7 Bc6 33. a5 f6 34. exf6 gxf6 35. Rae1 Ng7 36. R7e2 Nf5+ 37. Kf2 Rxe2+ 38. Rxe2 Bb5 39. Rd2 c5 40. g4 Ne7 41. Ke3 Nc6 42. Rc2 c4 43. f4 Nxa5 44. h4 Nc6 45. h5+ Kg7 46. Ke4 Ne7 47. Kd4 f5 48. g5 Be8 49. Re2 Nc6+ 50. Kc5 Bxh5 51. gxh6+ Kh7 52. Ra2 Bf3 53. Rf2 Be4 54. Kxc4 Kxh6 55. Rd2 Kh5 56. Rf2 Kg4 57. Kc3 a5 58. Rf1 Bf3 59. Kd2 Kxf4 60. Ra1 Kg3 61. Ra3 f4 62. Ke1 Kg2 63. Ra2+ Kg3 64. Ra3 Kg4 65. Kf2 Be4 66. Ra4 Kf5 67. Rc4 f3 68. Ke3 Bd5 69. Rf4+ Ke5 70. Rh4 Kd6 71. Kd3 Kc5 72. Kc3 Nb4 73. Rh8 Nc6 74. Rh4 Kb6 75. Rh5 Ne7 76. Kd3 a4 77. Re5 a3 78. Re1 a2 79. Kc2 Nc6 80. Kb2 Nb4 81. Rd1 f2 82. Rf1 Nd3+ 83. Ka1 Kc5 84. Rd1 Kd4 85. Rf1 Ke3 86. Rd1 Nf4 87. Rc1 Ke2 88. Rc2+ Kf3 89. Rc1 Kg2 90. Rd1 f1Q 91. Rxf1 Kxf1 92. Kb2 Ne2 93. Ka1 Nd4 94. Kb2 Nc2 0-1

[Event "World Cup U14 Girls Prel"]
[Site "Tornelo INT"]
[Date "2021.08.11"]
[Round "3"]
[White "Gonzalez Gonzalez, Valentina Anto"]
[Black "Conde Mares, Vanya Briseyda"]
[Result "0-1"]
[WhiteElo "1198"]
[BlackElo "1551"]
[PlyCount "69"]
[EventDate "2021.08.11"]
[EventType "swiss (rapid)"]
[EventRounds "10"]
[EventCountry "NET"]
[SourceTitle "EXT 2025"]
[Source "ChessBase"]
[SourceDate "2024.10.14"]
[SourceVersion "1"]
[SourceVersionDate "2024.10.14"]
[SourceQuality "1"]

1. e4 e5 2. Nf3 Nc6 3. Bc4 Bc5 4. c3 Nf6 5. d3 h6 6. 0-0 d6 7. h3 0-0 8. Be3 Bb6 9. Nbd2 Ne7 10. b4 Ng6 11. d4 Qe7 12. dxe5 dxe5 13. Bxb6 axb6 14. Qc2 Nf4 15. Bb3 N6h5 16. Nc4 Ng6 17. Ne3 Nhf4 18. Nd5 Nxd5 19. exd5 Qd6 20. Nd2 f5 21. Nc4 Qd8 22. d6 Kh8 23. dxc7 Qxc7 24. Ne3 Bd7 25. Nd5 Qc6 26. a4 Nh4 27. f3 f4 28. Rad1 Rad8 29. Ne7 Qf6 30. Nd5 Qg5 31. Nxb6 Bxh3 32. Rxd8 Rxd8 33. g4 Bxf1 34. Kxf1 Nxf3 35. Qf5 0-1

[Event "World Cup U14 Girls Prel"]
[Site "Tornelo INT"]
[Date "2021.08.11"]
[Round "5"]
[White "Gonzalez Gonzalez, Valentina Anto"]
[Black "Shevtsova, Darya"]
[Result "0-1"]
[WhiteElo "1198"]
[BlackElo "1584"]
[PlyCount "88"]
[EventDate "2021.08.11"]
[EventType "swiss (rapid)"]
[EventRounds "10"]
[EventCountry "NET"]
[SourceTitle "EXT 2025"]
[Source "ChessBase"]
[SourceDate "2024.10.14"]
[SourceVersion "1"]
[SourceVersionDate "2024.10.14"]
[SourceQuality "1"]

1. e4 c6 2. d4 d5 3. exd5 cxd5 4. c4 Nf6 5. Nc3 e6 6. a3 Nc6 7. Nf3 Be7 8. Bd3 0-0 9. 0-0 h6 10. c5 a5 11. Na4 Nd7 12. Bf4 b6 13. Ne5 Ncxe5 14. Bxe5 Nxe5 15. dxe5 bxc5 16. b3 Qc7 17. f4 Bb7 18. Rf3 Rfd8 19. Rg3 Bf8 20. Qh5 Kh8 21. Rg6 Ba6 22. Bc2 d4 23. Be4 d3 24. Rxe6 Bb7 25. Bxb7 Qxb7 26. Rb6 Qd5 27. Rd1 Rab8 28. Rxb8 Rxb8 29. Qf3 Qxf3 30. gxf3 Rxb3 31. Kf2 Rxa3 32. Nb6 Rb3 33. Nd7 Be7 34. Ra1 Rb5 35. f5 c4 36. e6 Rxf5 37. exf7 Rxf7 38. Ne5 Bc5+ 39. Kg2 Re7 40. Ng6+ Kh7 41. Nxe7 Bxe7 42. Rxa5 c3 43. Kf2 c2 44. Rc5 d2 0-1

[Event "South America-ch U20"]
[Site "Chess.com INT"]
[Date "2021.06.19"]
[Round "2"]
[White "Guichaman Andrade, Pablo"]
[Black "Gonzalez Gonzalez, Valentina Anto"]
[Result "1-0"]
[WhiteElo "1634"]
[BlackElo "1198"]
[PlyCount "35"]
[EventDate "2021.06.19"]
[EventType "swiss"]
[EventRounds "7"]
[EventCountry "CHI"]
[SourceTitle "CBM 203 Extra"]
[Source "ChessBase"]
[SourceDate "2021.09.30"]
[SourceVersion "1"]
[SourceVersionDate "2021.09.30"]
[SourceQuality "1"]

1. e4 c5 2. d4 cxd4 3. c3 dxc3 4. Nxc3 a6 5. Nf3 e6 6. Bc4 Qc7 7. Bb3 d6 8. 0-0 Nf6 9. Qe2 Nbd7 10. Bf4 b6 11. Rac1 Qb8 12. e5 dxe5 13. Nxe5 Bd6 14. Nxf7 e5 15. Nxh8 Kf8 16. Bg5 a5 17. Nf7 Bc7 18. Nb5 1-0

[Event "Santiago Region-ch (Women) 4th"]
[Site "Santiago de Chile"]
[Date "2018.09.30"]
[Round "4.4"]
[White "Cordova Melendez, Francisca"]
[Black "Gonzalez Gonzalez, Valentina Anto"]
[Result "1-0"]
[WhiteElo "1174"]
[BlackElo "1131"]
[PlyCount "53"]
[EventDate "2018.09.29"]
[EventType "swiss"]
[EventRounds "6"]
[EventCountry "CHI"]
[SourceTitle "EXT 2024"]
[Source "ChessBase"]
[SourceDate "2023.10.10"]
[SourceVersion "1"]
[SourceVersionDate "2023.10.10"]
[SourceQuality "1"]

1. e4 e5 2. Nf3 Nc6 3. d4 f6 4. dxe5 Nxe5 5. Nxe5 fxe5 6. Qh5+ Ke7 7. Qxe5+ Kf7 8. Bc4+ d5 9. Bxd5+ Qxd5 10. Qxd5+ Be6 11. Qxb7 Rd8 12. Qxc7+ Be7 13. Bg5 Bg4 14. 0-0 Be2 15. Re1 Bd1 16. Nc3 Bxc2 17. e5 Ke8 18. Bxe7 Nxe7 19. Nb5 Rf8 20. Nd6+ Rxd6 21. exd6 Kf7 22. dxe7 Re8 23. Qf4+ Kg8 24. Rac1 Bd3 25. Rc8 Bb5 26. Qf8+ Rxf8 27. Rxf8# 1-0